| 000 | 00594nam a22001937a 4500 | ||
|---|---|---|---|
| 999 |
_c16478 _d16478 |
||
| 003 | AR-CdUCM | ||
| 008 | 190503b ||||| |||| 00| 0 spa d | ||
| 040 |
_aMUNICIPALIDAD PROVINCIAL DEL CUSCO _cBIBLIOTECA MUNICIPAL DEL CUSCO |
||
| 082 |
_a868.5 / _bV16 |
||
| 100 |
_aValera , Juan _97796 |
||
| 245 |
_aEl comendador Mendoza : _bNovela / |
||
| 260 |
_aBuenos Aires : _bEdit. Sopena Argentina, _c1944. |
||
| 300 |
_a159 paginas ; _c22 cm. |
||
| 505 | _aContenido : Novela / | ||
| 650 |
_aLiteratura argentina _984 |
||
| 650 |
_aNovela _95 |
||
| 942 |
_2ddc _cLIBROS |
||
| 945 |
_arjall _d2019-05-03 |
||